Top 50 NFL Current Players with a SB ring - Statistics

General Stats
  • This quiz has been taken 109 times
  • The average score is 18 of 50
Answer Stats
Team won with Team Now Answer % Correct
Chiefs Chiefs Patrick Mahomes
99%
Packers Packers Aaron Rodgers
96%
Buccaneers/Patriots Buccaneers Tom Brady
93%
Rams Rams Aaron Donald
89%
Chiefs Chiefs Travis Kelce
88%
Chiefs Dolphins Tyreek Hill
85%
Rams Rams Matthew Stafford
84%
Rams Rams Cooper Kupp
83%
Eagles Eagles Jason Kelce
83%
Seahawks Broncos Russell Wilson
79%
Rams Rams Jalen Ramsey
75%
Buccaneers Buccaneers Mike Evans
75%
Patriots Chargers J.C. Jackson
69%
Buccaneers Buccaneers Chris Godwin
59%
Rams/Broncos Bills Von Miller
54%
Buccaneers Buccaneers Devin White
48%
Chiefs Chiefs Chris Jones
47%
Patriots Raiders Chandler Jones
46%
Patriots Patriots Trent Brown
46%
Buccaneers Buccaneers Leonard Fournette
40%
Buccaneers Buccaneers Lavonte David
35%
Eagles Eagles Lane Johnson
30%
Ravens Ravens Justin Tucker
27%
Rams Titans Robert Woods
27%
Buccaneers Buccaneers Tristan Wirfs
26%
Buccaneers Buccaneers Vita Vea
23%
Buccaneers Buccaneers Shaquil Barrett
20%
Buccaneers Buccaneers Carlton Davis
19%
Patriots Patriots David Andrews
17%
Eagles Cardinals Zach Ertz
15%
Buccaneers Buccaneers Antoine Winfield Jr.
14%
Patriots Chiefs Joe Thuney
14%
Patriots Patriots Devin McCourty
12%
Patriots Falcons Cordarrelle Patterson
9%
Patriots Buccaneers Shaq Mason
9%
Rams Rams Tyler Higbee
9%
Rams Rams Darrell Henderson
7%
Buccaneers Buccaneers Ryan Jensen
7%
Chiefs 49ers Charvarius Ward
6%
Chiefs Chiefs Harrison Butker
6%
Rams Panthers Johnny Hekker
5%
Patriots Patriots Matthew Slater
5%
Buccaneers Buccaneers Jamel Dean
4%
Rams Chargers Sebastian Joseph-Day
4%
Broncos Broncos Brandon McManus
2%
Rams Rams Jordan Fuller
2%
Chiefs Chiefs Juan Thornhill
2%
Chiefs Commanders Kendall Fuller
2%
Ravens Ravens Sam Koch
1%
Chiefs Dolphins Emmanuel Ogbah
0%
No matching quizzes found
Score Distribution
Percent of People with Each Score
Percentile by Number Answered
Your Score History
You have not taken this quiz